[Event "BL 0910 SK König Tegel - Hamburger SK"]
[Site "?"]
[Date "2009.10.18"]
[Round "2.2"]
[White "Stern, Rene"]
[Black "Baramidze, David"]
[Result "1/2-1/2"]
[WhiteElo "2501"]
[BlackElo "2532"]
[PlyCount "47"]
[EventDate "2009.??.??"]

1. d4 d5 2. c4 c6 3. cxd5 cxd5 4. Nc3 Nf6 5. Bf4 Nc6 6. e3 a6 7. Nf3 e6 8. h3
Be7 9. Bd3 Bd7 10. O-O Rc8 11. Qe2 Nb4 12. Bb1 Ne4 13. Rc1 Nxc3 14. Rxc3 O-O
15. Rxc8 Qxc8 16. a3 Nc6 17. Qe1 Qd8 18. Bd3 Qb6 19. Qe2 Rc8 20. Rc1 g6 21. Rc3
Na7 22. Rxc8+ Nxc8 23. Qc2 Nd6 24. Bxd6 1/2-1/2

[Event "BL 0910 SK König Tegel - Hamburger SK"]
[Site "?"]
[Date "2009.10.18"]
[Round "2.3"]
[White "Rogozenco, Dorian"]
[Black "Muse, Mladen"]
[Result "1/2-1/2"]
[WhiteElo "2541"]
[BlackElo "2448"]
[PlyCount "143"]
[EventDate "2009.??.??"]

1. d4 d6 2. Nf3 Nf6 3. c4 g6 4. g3 Bg7 5. Bg2 O-O 6. O-O Nbd7 7. Nc3 e5 8. e4
a6 9. h3 b5 10. Qc2 Bb7 11. dxe5 dxe5 12. Rd1 Qb8 13. Be3 bxc4 14. Nd2 Nb6 15.
a4 a5 16. Nb5 Bc6 17. b3 Bxb5 18. axb5 cxb3 19. Nxb3 a4 20. Nc5 Ne8 21. Na6 Qb7
22. Bc5 Nd6 23. Nxc7 Qxc7 24. Rxd6 Rfb8 25. Rc6 Qa7 26. Qc3 Rb7 27. Bf1 Qb8 28.
Qe3 Nd7 29. Bd6 Qd8 30. Ra6 Nb6 31. Bc5 Rab8 32. Bxb6 Rxb6 33. R6xa4 Bf8 34.
Bc4 Rc8 35. Qb3 Bc5 36. Bxf7+ Kh8 37. R1a2 Qf6 38. Bd5 Rf8 39. Qc2 Rxb5 40. Ra8
Bd4 41. Rxf8+ Qxf8 42. Kg2 Rb8 43. Qe2 Qf6 44. Ra6 Qe7 45. Ra8 Rxa8 46. Bxa8
Qf8 47. Bd5 h5 48. h4 Kg7 49. Qa2 Qb8 50. Qa4 Qd8 51. Qc6 Qf6 52. Qb7+ Kh6 53.
f3 Bc5 54. Qb8 Bf8 55. Qc8 Bg7 56. Bg8 Bf8 57. Bb3 Bg7 58. Qc1+ Kh7 59. Qc4 g5
60. hxg5 Qxg5 61. Kh3 Qf6 62. Qd3 Kh6 63. Bc4 h4 64. Qe3+ Qg5 65. Qxg5+ Kxg5
66. gxh4+ Kf4 67. Kg2 Bf6 68. h5 Bg5 69. Kf2 Bh6 70. Ke2 Kg5 71. Bf7 Kf6 72.
Bg6 1/2-1/2

[Event "BL 0910 SK König Tegel - Hamburger SK"]
[Site "?"]
[Date "2009.10.18"]
[Round "2.4"]
[White "Von Herman, Ulf"]
[Black "Hansen, Sune Berg"]
[Result "0-1"]
[WhiteElo "2424"]
[BlackElo "2552"]
[PlyCount "108"]
[EventDate "2009.??.??"]

1. d4 d5 2. c4 c6 3. Nf3 Nf6 4. e3 Bf5 5. Nc3 e6 6. Nh4 Bg6 7. Qb3 Qc7 8. Bd2
Nbd7 9. h3 Be7 10. Nxg6 hxg6 11. Be2 Nb6 12. c5 Nbd7 13. Qd1 e5 14. b4 Nf8 15.
Bd3 Ne6 16. Ne2 Ne4 17. Bxe4 dxe4 18. Qc2 exd4 19. Qxe4 dxe3 20. Bxe3 a5 21.
Nd4 Nxd4 22. Bxd4 O-O 23. O-O Rfe8 24. Rfe1 Qd7 25. Be5 Bf6 26. f4 Bxe5 27.
fxe5 axb4 28. Qxb4 Rad8 29. Re4 Qe7 30. Rb1 Rd7 31. Kh1 Qe6 32. a4 g5 33. Ree1
Ree7 34. a5 Rd5 35. a6 bxa6 36. Qb6 Kh7 37. Rbc1 g4 38. hxg4 Qh6+ 39. Kg1 Rdxe5
40. Rf1 Qe3+ 41. Kh2 R5e6 42. Qb1+ Kg8 43. Rf3 Qe5+ 44. Kg1 Qd4+ 45. Kh2 Qxg4
46. Rcc3 Rh6+ 47. Rh3 Qf4+ 48. Kh1 Rxh3+ 49. Rxh3 Re4 50. Qd1 Qe5 51. Qd8+ Qe8
52. Qd3 Re1+ 53. Kh2 Qb8+ 54. Rg3 g6 0-1

[Event "BL 0910 SK König Tegel - Hamburger SK"]
[Site "?"]
[Date "2009.10.18"]
[Round "2.6"]
[White "Fruebing, Stefan"]
[Black "Mueller, Karsten Dr"]
[Result "0-1"]
[WhiteElo "2337"]
[BlackElo "2523"]
[PlyCount "60"]
[EventDate "2009.??.??"]

1. e4 c5 2. Nf3 Nc6 3. Nc3 g6 4. d4 cxd4 5. Nxd4 Bg7 6. Nb3 Nf6 7. Be2 O-O 8.
O-O d6 9. Bg5 a6 10. f4 b5 11. Bf3 b4 12. Nd5 Nxd5 13. exd5 Na5 14. Qe2 Re8 15.
Rab1 Bf5 16. g4 Nxb3 17. axb3 Qb6+ 18. Kh1 Bd7 19. Rfe1 Rac8 20. Qg2 Bf6 21.
Re4 Qc5 22. Rc4 Qa5 23. Rxc8 Rxc8 24. Re1 Qa2 25. Bxf6 exf6 26. Re7 Qxb2 27.
Rxd7 Rxc2 28. Qg1 Rc1 29. Rxd6 Rxg1+ 30. Kxg1 Qxb3 0-1

[Event "BL 0910 SK König Tegel - Hamburger SK"]
[Site "?"]
[Date "2009.10.18"]
[Round "2.7"]
[White "Heinemann, Thies"]
[Black "Sarbok, Torsten"]
[Result "1/2-1/2"]
[WhiteElo "2484"]
[BlackElo "2319"]
[PlyCount "44"]
[EventDate "2009.??.??"]

1. e4 c6 2. d4 d5 3. exd5 cxd5 4. Bd3 Nc6 5. c3 Nf6 6. Bf4 Bg4 7. Qb3 Qd7 8. h3
Bh5 9. Nd2 e6 10. Ngf3 Bxf3 11. Nxf3 Bd6 12. Bxd6 Qxd6 13. O-O O-O 14. Rae1
Rab8 15. Ne5 b5 16. a3 Rfc8 17. Qd1 a5 18. Qf3 Qc7 19. Ng4 Ne8 20. Ne5 Nf6 21.
Ng4 Ne8 22. Ne5 Nf6 1/2-1/2

[Event "BL 0910 SK König Tegel - Hamburger SK"]
[Site "?"]
[Date "2009.10.18"]
[Round "2.8"]
[White "Breier, Andreas"]
[Black "Sebastian, Dirk"]
[Result "1-0"]
[WhiteElo "2405"]
[BlackElo "2443"]
[PlyCount "71"]
[EventDate "2009.??.??"]

1. d4 g6 2. Nf3 Bg7 3. g3 d6 4. Bg2 Nd7 5. c4 e5 6. Nc3 Ne7 7. dxe5 dxe5 8. O-O
O-O 9. e4 Nc5 10. Bg5 f6 11. Be3 Ne6 12. Bh3 Qxd1 13. Rfxd1 Nd4 14. Bxc8 Nxf3+
15. Kg2 Raxc8 16. Kxf3 Nc6 17. Kg2 Rf7 18. Rd2 f5 19. f3 Nd4 20. Nb5 a6 21.
Nxd4 exd4 22. Bxd4 fxe4 23. fxe4 Rd8 24. Be3 Rxd2+ 25. Bxd2 Bxb2 26. Rb1 Bd4
27. Bf4 c5 28. h4 Re7 29. Kf3 Kf7 30. Rb6 Ke8 31. a4 Rf7 32. e5 Rc7 33. Ke4 Bc3
34. Kd5 Ba5 35. Rd6 b5 36. Rxa6 1-0

[Event "BL 0910 SV Mülheim Nord - SG Turm Trier"]
[Site "?"]
[Date "2009.10.18"]
[Round "2.3"]
[White "Erdoes, Viktor"]
[Black "Landa, Konstantin"]
[Result "1/2-1/2"]
[WhiteElo "2591"]
[BlackElo "2655"]
[PlyCount "47"]
[EventDate "2009.??.??"]

1. d4 Nf6 2. c4 e6 3. Nf3 d5 4. g3 dxc4 5. Bg2 Bb4+ 6. Bd2 a5 7. O-O O-O 8. Bg5
Nc6 9. e3 e5 10. a3 Be7 11. dxe5 Nd7 12. e6 fxe6 13. Bxe7 Qxe7 14. Nbd2 c3 15.
bxc3 e5 16. Ne4 Nb6 17. Nfd2 Be6 18. Qc2 a4 19. c4 Na5 20. c5 Nbc4 21. Nxc4
Bxc4 22. Rfb1 Bb3 23. Qc3 Kh8 24. Rb2 1/2-1/2

[Event "BL 0910 SV Mülheim Nord - SG Turm Trier"]
[Site "?"]
[Date "2009.10.18"]
[Round "2.4"]
[White "Fridman, Daniel"]
[Black "Galyas, Miklos"]
[Result "1-0"]
[WhiteElo "2661"]
[BlackElo "2464"]
[PlyCount "59"]
[EventDate "2009.??.??"]

1. d4 d5 2. Nf3 Nf6 3. c4 c6 4. Nc3 a6 5. c5 Bf5 6. Nh4 Bg6 7. Bf4 Nbd7 8. Nxg6
hxg6 9. e3 e6 10. h3 Be7 11. Bd3 Qc8 12. O-O Bd8 13. Qe2 Bc7 14. Bxc7 Qxc7 15.
f4 Nh5 16. Qg4 Rh6 17. Qf3 Rh8 18. g4 Nhf6 19. b4 Ke7 20. Rae1 b6 21. g5 Nh5
22. e4 Kf8 23. exd5 exd5 24. Rf2 bxc5 25. bxc5 Kg8 26. Re7 Qd8 27. Rfe2 Nf8 28.
f5 Ne6 29. R2xe6 fxe6 30. f6 1-0

[Event "BL 0910 SV Mülheim Nord - SG Turm Trier"]
[Site "?"]
[Date "2009.10.18"]
[Round "2.5"]
[White "Seger, Ruediger"]
[Black "Potkin, Vladimir"]
[Result "1/2-1/2"]
[WhiteElo "2407"]
[BlackElo "2606"]
[PlyCount "125"]
[EventDate "2009.??.??"]

1. e4 c5 2. c3 Nf6 3. e5 Nd5 4. Nf3 e6 5. d4 cxd4 6. cxd4 d6 7. Bc4 Nc6 8. O-O
Be7 9. Qe2 O-O 10. Nc3 Nxc3 11. bxc3 dxe5 12. dxe5 Qa5 13. Qe4 Qa4 14. Bg5 h6
15. Bxe7 Nxe7 16. Rfb1 Rb8 17. Bd3 Qxe4 18. Bxe4 b6 19. a4 Bb7 20. Bxb7 Rxb7
21. Nd4 Ng6 22. a5 Nxe5 23. axb6 axb6 24. h4 Rc8 25. Rb3 g6 26. g3 Kg7 27. Ra6
Nc4 28. Rb4 e5 29. Nb5 Rd7 30. Raa4 Nd2 31. Kg2 Rc5 32. Ra6 e4 33. Rd4 Rxd4 34.
Nxd4 Nc4 35. Ra7 Kf6 36. Rb7 e3 37. f4 Ra5 38. Kf3 Ra2 39. Ne2 h5 40. Rc7 b5
41. Rc6+ Kg7 42. Rc5 Ra1 43. Kg2 Ra2 44. Kf3 Rb2 45. f5 Rb1 46. Kg2 Rb2 47. Kf3
Kf6 48. fxg6 fxg6 49. Rc6+ Kf7 50. Rc7+ Ke6 51. Rg7 Kf6 52. Rc7 Rb1 53. Rc5 Rb2
54. Rc6+ Ke7 55. Rc7+ Kd6 56. Rg7 Kc5 57. Rc7+ Kb6 58. Rg7 Kc5 59. Rc7+ Kd6 60.
Rg7 Kc5 61. Rc7+ Kd6 62. Rg7 Kc5 63. Rc7+ 1/2-1/2

[Event "BL 0910 SV Mülheim Nord - SG Turm Trier"]
[Site "?"]
[Date "2009.10.18"]
[Round "2.6"]
[White "Berelovich, Alexander"]
[Black "Kolbus, Dietmar"]
[Result "1-0"]
[WhiteElo "2551"]
[BlackElo "2355"]
[PlyCount "141"]
[EventDate "2009.??.??"]

1. e4 c6 2. d4 d5 3. Nc3 dxe4 4. Nxe4 Bf5 5. Ng3 Bg6 6. h4 h6 7. Nf3 Nd7 8. h5
Bh7 9. Bd3 Bxd3 10. Qxd3 e6 11. Bd2 Qc7 12. O-O-O Ngf6 13. Ne4 O-O-O 14. g3
Nxe4 15. Qxe4 Nf6 16. Qe2 Bd6 17. c4 c5 18. Bc3 cxd4 19. Nxd4 a6 20. Kb1 Bc5
21. Nb3 Rxd1+ 22. Rxd1 Be7 23. g4 Rd8 24. Rxd8+ Bxd8 25. f3 Ne8 26. Be5 Qc6 27.
Nd2 Bc7 28. Bc3 Bf4 29. Ne4 Qc7 30. Nf2 Bg3 31. b3 Bxf2 32. Qxf2 Qd6 33. Qd4
Qxd4 34. Bxd4 f6 35. Kc2 e5 36. Bc5 Nc7 37. Kd3 Ne6 38. Be3 Kd7 39. Ke4 Kd6 40.
Bc1 Ke7 41. Bd2 Nc5+ 42. Kd5 Ne6 43. Be3 Kd7 44. Ke4 Ke7 45. f4 exf4 46. Bxf4
Nc5+ 47. Kd5 Nd3 48. Bd6+ Kd7 49. Bf8 Nf2 50. Bxg7 Nxg4 51. Ke4 Ke6 52. Kf4 f5
53. b4 Kf7 54. Kxf5 Ne3+ 55. Ke4 Nxc4 56. Bxh6 a5 57. Kd4 b5 58. bxa5 Nxa5 59.
Kc5 b4 60. Kxb4 Nb7 61. a4 Ke6 62. Bf4 Kf5 63. h6 Nd8 64. h7 Nf7 65. a5 Kxf4
66. a6 Kg5 67. a7 Kg6 68. a8=Q Kxh7 69. Qg2 Kh6 70. Kc5 Ng5 71. Kd5 1-0

[Event "BL 0910 SV Mülheim Nord - SG Turm Trier"]
[Site "?"]
[Date "2009.10.18"]
[Round "2.7"]
[White "Cioara, Andrei Nestor"]
[Black "Hausrath, Daniel"]
[Result "1-0"]
[WhiteElo "2415"]
[BlackElo "2528"]
[PlyCount "121"]
[EventDate "2009.??.??"]

1. d4 Nf6 2. c4 g6 3. Nc3 Bg7 4. Nf3 O-O 5. g3 d6 6. Bg2 c6 7. O-O Qa5 8. h3
Qa6 9. Nd2 Be6 10. d5 cxd5 11. cxd5 Bd7 12. Nb3 Ba4 13. e4 Nbd7 14. Be3 Ne5 15.
Nxa4 Qxa4 16. Nd4 Qa6 17. b3 Rfc8 18. Qd2 Rc7 19. Rfc1 Rac8 20. Rxc7 Rxc7 21.
Rd1 b6 22. f4 Ned7 23. Nc6 Nc5 24. Qc2 e6 25. dxe6 Nxe6 26. Rxd6 Bf8 27. e5 Nh5
28. Kh2 Qa3 29. Bc1 Qc5 30. Qxc5 bxc5 31. Rd1 Nd4 32. Nxd4 cxd4 33. Be4 Ng7 34.
Bb2 Ne6 35. Bd3 Bb4 36. Bc4 Bc3 37. Ba3 h5 38. Bc1 a5 39. Kg2 a4 40. Kf3 axb3
41. axb3 Ra7 42. Bd2 Ra2 43. Bxc3 dxc3 44. Rc1 c2 45. Ke3 Rb2 46. Kd2 Nd4 47.
g4 Nxb3+ 48. Kc3 Rb1 49. Rxc2 Nc5 50. gxh5 gxh5 51. f5 Rd1 52. Rg2+ Kf8 53. f6
Ne4+ 54. Kc2 Rd4 55. Bd3 Ke8 56. Rg7 h4 57. Rg4 Rxd3 58. Rg8+ Kd7 59. Kxd3 Nf2+
60. Ke3 Nxh3 61. Rg4 1-0

[Event "BL 0910 SF Katernberg - SC Eppingen"]
[Site "?"]
[Date "2009.10.18"]
[Round "2.1"]
[White "Postny, Evgeny"]
[Black "Volokitin, Andrei"]
[Result "1/2-1/2"]
[WhiteElo "2651"]
[BlackElo "2681"]
[PlyCount "86"]
[EventDate "2009.??.??"]

1. Nf3 d5 2. d4 Nf6 3. c4 e6 4. Bg5 dxc4 5. Nc3 c5 6. e4 cxd4 7. Qxd4 Qxd4 8.
Nxd4 a6 9. Bxc4 Bc5 10. Rd1 b5 11. Be2 Bb7 12. f3 Nc6 13. Be3 O-O-O 14. Nxc6
Rxd1+ 15. Nxd1 Bxe3 16. Nxe3 Bxc6 17. Kd2 Rd8+ 18. Kc2 Kc7 19. b4 g5 20. Rd1
Rg8 21. Kc3 h5 22. a4 g4 23. axb5 axb5 24. e5 gxf3 25. gxf3 Nd7 26. f4 h4 27.
Bh5 Rg7 28. Rf1 Rh7 29. Bf3 f6 30. Bxc6 Kxc6 31. Kd4 fxe5+ 32. fxe5 h3 33. Rc1+
Kb6 34. Rg1 Rh5 35. Rg6 Nxe5 36. Rxe6+ Nc6+ 37. Ke4 Kb7 38. Nd5 Rh4+ 39. Ke3
Rc4 40. Rh6 Nxb4 41. Rb6+ Kc8 42. Rxb5 Nxd5+ 43. Rxd5 Rc2 1/2-1/2

[Event "BL 0910 SF Katernberg - SC Eppingen"]
[Site "?"]
[Date "2009.10.18"]
[Round "2.2"]
[White "Seel, Christian"]
[Black "Balogh, Csaba"]
[Result "1/2-1/2"]
[WhiteElo "2493"]
[BlackElo "2620"]
[PlyCount "41"]
[EventDate "2009.??.??"]

1. Nf3 d5 2. d4 Nf6 3. c4 c6 4. e3 Bf5 5. Bd3 Bg6 6. O-O e6 7. b3 Nbd7 8. Bb2
Bd6 9. Nc3 Ne4 10. Qc2 Nxc3 11. Bxc3 Qe7 12. e4 dxe4 13. Bxe4 Bxe4 14. Qxe4 Nf6
15. Qe2 O-O 16. Rad1 a5 17. Ne5 a4 18. Qc2 axb3 19. axb3 Rfd8 20. Ra1 Bb4 21.
Bb2 1/2-1/2

[Event "BL 0910 SF Katernberg - SC Eppingen"]
[Site "?"]
[Date "2009.10.18"]
[Round "2.3"]
[White "Gyimesi, Zoltan"]
[Black "Bischoff, Klaus"]
[Result "1-0"]
[WhiteElo "2594"]
[BlackElo "2561"]
[PlyCount "75"]
[EventDate "2009.??.??"]

1. d4 d5 2. c4 e6 3. Nf3 Nf6 4. Nc3 Nbd7 5. Bg5 Be7 6. e3 O-O 7. Rc1 a6 8. cxd5
exd5 9. Bd3 c6 10. Qc2 Re8 11. h3 Nf8 12. Bf4 Ng6 13. Bh2 Bd6 14. Bxd6 Qxd6 15.
O-O Bd7 16. Na4 Rad8 17. Qc5 Qb8 18. Qb6 Bc8 19. Bxg6 hxg6 20. Ne5 Qd6 21. Nc5
Qe7 22. Rc3 Ne4 23. Nxe4 dxe4 24. Rfc1 g5 25. Rc5 f6 26. Nc4 Be6 27. a4 Rd7 28.
b4 Bxc4 29. R5xc4 Qd8 30. Qxd8 Rexd8 31. b5 cxb5 32. axb5 a5 33. b6 Rd6 34. Rb1
Rc6 35. Rxc6 bxc6 36. Rc1 Rd5 37. Rc5 Rd8 38. d5 1-0

[Event "BL 0910 SF Katernberg - SC Eppingen"]
[Site "?"]
[Date "2009.10.18"]
[Round "2.4"]
[White "Zaragatski, Ilja"]
[Black "Ruck, Robert"]
[Result "1/2-1/2"]
[WhiteElo "2475"]
[BlackElo "2548"]
[PlyCount "51"]
[EventDate "2009.??.??"]

1. Nf3 Nf6 2. g3 g6 3. Bg2 Bg7 4. O-O O-O 5. c4 c6 6. d4 d5 7. Qb3 a5 8. cxd5
a4 9. Qd1 cxd5 10. Nc3 Qa5 11. Bd2 Qa6 12. Ne5 e6 13. Rc1 Nc6 14. Bf4 Nd7 15.
Nxc6 bxc6 16. Bd6 Re8 17. e3 Bb7 18. b3 axb3 19. Qxb3 Qb6 20. Qxb6 Nxb6 21. Rb1
Nc4 22. Rxb7 Nxd6 23. Rc7 Nb5 24. Rxc6 Nxc3 25. Rxc3 Rxa2 26. Rfc1 1/2-1/2

[Event "BL 0910 SF Katernberg - SC Eppingen"]
[Site "?"]
[Date "2009.10.18"]
[Round "2.5"]
[White "Bindrich, Falko"]
[Black "Thesing, Matthias"]
[Result "1-0"]
[WhiteElo "2516"]
[BlackElo "2419"]
[PlyCount "83"]
[EventDate "2009.??.??"]

1. Nf3 c5 2. c4 Nf6 3. d4 cxd4 4. Nxd4 e6 5. g3 Bc5 6. Nb3 Bb4+ 7. Bd2 Be7 8.
Bg2 d6 9. O-O O-O 10. Nc3 Nc6 11. Rc1 h6 12. h3 Bd7 13. Bf4 Qb8 14. Qd2 Rd8 15.
Rfd1 Be8 16. Nb5 a6 17. N5d4 Qc8 18. Be3 Nxd4 19. Nxd4 Rb8 20. b3 Bd7 21. Kh2
Re8 22. a4 Qc7 23. a5 Rbc8 24. b4 Qb8 25. Qd3 Bf8 26. b5 axb5 27. Nxb5 Bxb5 28.
cxb5 d5 29. a6 b6 30. Rc6 Bc5 31. Rxc8 Rxc8 32. Rc1 Nd7 33. Bf4 e5 34. Bd2 Nf6
35. Qf5 Re8 36. Bxh6 Re6 37. Bg5 g6 38. Qc2 Kg7 39. Kg1 e4 40. e3 Nh7 41. Bf4
Qa7 42. h4 1-0

[Event "BL 0910 SF Katernberg - SC Eppingen"]
[Site "?"]
[Date "2009.10.18"]
[Round "2.6"]
[White "Siebrecht, Sebastian"]
[Black "Medvegy, Zoltan"]
[Result "0-1"]
[WhiteElo "2456"]
[BlackElo "2556"]
[PlyCount "76"]
[EventDate "2009.??.??"]

1. d4 Nf6 2. c4 e6 3. Nf3 b6 4. a3 Bb7 5. Nc3 d5 6. Qc2 dxc4 7. e4 c5 8. dxc5
Bxc5 9. Bxc4 Nbd7 10. O-O Rc8 11. Qe2 Qc7 12. Bd3 O-O 13. Bg5 h6 14. Bh4 Qb8
15. Rad1 Nh5 16. Bb5 Ndf6 17. Rfe1 g5 18. e5 gxh4 19. exf6 Qf4 20. Ne4 Nxf6 21.
Nxf6+ Qxf6 22. b4 Bxf3 23. Qxf3 Qxf3 24. gxf3 Be7 25. Rd7 Bf6 26. Rxa7 Rfd8 27.
Bd7 Rc2 28. Kg2 Bd4 29. Rf1 Kf8 30. f4 b5 31. Rb7 Ra8 32. Rxb5 Rxa3 33. Rh5
Bxf2 34. Rxf2 h3+ 35. Rxh3 Rxf2+ 36. Kxf2 Rxh3 37. Kg2 Rd3 38. Bc6 Rd4 0-1

[Event "BL 0910 SF Katernberg - SC Eppingen"]
[Site "?"]
[Date "2009.10.18"]
[Round "2.8"]
[White "Kotainy, Jens"]
[Black "Paehtz, Elisabeth"]
[Result "0-1"]
[WhiteElo "2243"]
[BlackElo "2482"]
[PlyCount "108"]
[EventDate "2009.??.??"]

1. e4 e6 2. d4 d5 3. Nc3 Bb4 4. e5 c5 5. a3 Bxc3+ 6. bxc3 Qc7 7. Qg4 f5 8. Qg3
b6 9. Bb5+ Kf8 10. dxc5 bxc5 11. Bd3 Ne7 12. Be3 Qa5 13. Bd2 Qa4 14. Ra2 Nd7
15. Nh3 Rb8 16. O-O Rb6 17. Re1 h6 18. Nf4 Ba6 19. h4 Bxd3 20. cxd3 Kf7 21. Nh5
Qg4 22. Qxg4 fxg4 23. d4 Nf5 24. c4 Nxd4 25. cxd5 exd5 26. Nf4 Rhb8 27. Kh2 Ne6
28. Nxd5 Rb2 29. Rxb2 Rxb2 30. Bc3 Rb3 31. Ra1 Nb6 32. Nxb6 axb6 33. Bd2 Nd4
34. a4 Rd3 35. Be3 Nb3 36. Re1 Ke6 37. f4 gxf3 38. gxf3 Nd4 39. Bxd4 Rxd4 40.
Kg3 Rxa4 41. f4 h5 42. Kf3 Kf5 43. e6 Ra3+ 44. Kf2 Ra8 45. e7 Re8 46. Kf3 Kf6
47. Rb1 Rxe7 48. Rxb6+ Re6 49. Rb3 Rc6 50. Ke4 c4 51. Rc3 g6 52. Kd5 Rc8 53.
Kd6 Rd8+ 54. Kc5 Kf5 0-1

[Event "BL 0910 OSC Baden Baden - SC Remagen"]
[Site "?"]
[Date "2009.10.18"]
[Round "2.1"]
[White "Parligras, Mircea"]
[Black "Svidler, Peter"]
[Result "1/2-1/2"]
[WhiteElo "2547"]
[BlackElo "2741"]
[PlyCount "47"]
[EventDate "2009.??.??"]

1. e4 c5 2. c3 Nf6 3. e5 Nd5 4. d4 cxd4 5. Nf3 e6 6. cxd4 b6 7. Bc4 Bb7 8. O-O
Qc7 9. Bxd5 Bxd5 10. Nc3 Qb7 11. Nxd5 Qxd5 12. Qb3 Qxb3 13. axb3 d5 14. exd6
Bxd6 15. d5 exd5 16. Re1+ Kd7 17. Ne5+ Bxe5 18. Rxe5 Nc6 19. Rxd5+ Ke6 20. Rd3
Rhd8 21. Re3+ Kf5 22. Rf3+ Ke6 23. Re3+ Kf5 24. Rf3+ 1/2-1/2

[Event "BL 0910 OSC Baden Baden - SC Remagen"]
[Site "?"]
[Date "2009.10.18"]
[Round "2.2"]
[White "Shirov, Alexei"]
[Black "Degraeve, Jean-Marc"]
[Result "1-0"]
[WhiteElo "2730"]
[BlackElo "2573"]
[PlyCount "63"]
[EventDate "2009.??.??"]

1. e4 Nf6 2. e5 Nd5 3. d4 d6 4. c4 Nb6 5. exd6 cxd6 6. d5 e6 7. a4 exd5 8. cxd5
Be7 9. a5 N6d7 10. Nf3 O-O 11. Be2 b6 12. O-O bxa5 13. Bd2 Qb6 14. Ra2 Ba6 15.
Bxa5 Qb7 16. Nc3 Nb6 17. Bxa6 Nxa6 18. Nd4 Bf6 19. Nf5 Qd7 20. Qg4 g6 21. Ne4
Be5 22. Nh6+ Kh8 23. Bxb6 f5 24. Qh3 axb6 25. Ng5 Bf6 26. Ne6 Rfc8 27. g4 fxg4
28. Nxg4 Bg7 29. Rfa1 Nc7 30. Rxa8 Nxa8 31. Nh6 Nc7 32. Ng5 1-0

[Event "BL 0910 OSC Baden Baden - SC Remagen"]
[Site "?"]
[Date "2009.10.18"]
[Round "2.4"]
[White "Naiditsch, Arkadij"]
[Black "Mainka, Romuald"]
[Result "1-0"]
[WhiteElo "2685"]
[BlackElo "2501"]
[PlyCount "67"]
[EventDate "2009.??.??"]

1. e4 c5 2. Nf3 e6 3. d4 cxd4 4. Nxd4 a6 5. Bd3 Bc5 6. c3 Ne7 7. O-O d6 8. Be3
O-O 9. Nd2 Nd7 10. N2f3 Ng6 11. b4 Ba7 12. c4 Nde5 13. Be2 Bd7 14. Qb3 Ng4 15.
Bg5 Nf6 16. Bd3 h6 17. Bd2 Ng4 18. Rad1 Qc7 19. h3 N4e5 20. Rc1 Rac8 21. Be2
Nxf3+ 22. Nxf3 e5 23. Rfd1 Be6 24. Be3 Bxe3 25. Qxe3 Qe7 26. Bf1 Rc6 27. Rc3
Rfc8 28. Rdc1 Qc7 29. a4 Qe7 30. a5 Nf8 31. Qa7 Nd7 32. Qxb7 R8c7 33. Qa8+ Nf8
34. c5 1-0

[Event "BL 0910 OSC Baden Baden - SC Remagen"]
[Site "?"]
[Date "2009.10.18"]
[Round "2.5"]
[White "Teske, Henrik"]
[Black "Nielsen, Peter-Heine"]
[Result "0-1"]
[WhiteElo "2545"]
[BlackElo "2687"]
[PlyCount "102"]
[EventDate "2009.??.??"]

1. d4 d5 2. c4 e6 3. Nf3 Nf6 4. Nc3 c6 5. cxd5 exd5 6. Bg5 Be7 7. e3 Bf5 8. Bd3
Bxd3 9. Qxd3 Nbd7 10. O-O O-O 11. Rab1 a5 12. Nd2 Re8 13. Rfc1 Nb6 14. b3 Ng4
15. Bxe7 Qxe7 16. h3 Nf6 17. Na4 Nc8 18. Nc5 Nd6 19. Rc2 g6 20. b4 a4 21. Qf1
Nb5 22. Rbc1 Red8 23. Nb1 Ne8 24. Nc3 Nxc3 25. Rxc3 Nd6 26. Nd3 Nb5 27. R3c2
Rd6 28. Rc5 Kh8 29. Qd1 a3 30. Nf4 Re8 31. Ne2 Rf6 32. Nc3 Rxf2 33. Kxf2 Qxe3+
34. Kf1 Nxd4 35. Nxd5 cxd5 36. Rc8 Rxc8 37. Rxc8+ Kg7 38. Qe1 Qd3+ 39. Kg1 Ne2+
40. Kh2 Qe4 41. Qf2 d4 42. Rd8 Qe5+ 43. Kh1 Qc7 44. Re8 d3 45. Qc5 d2 46. Qf8+
Kf6 47. Qh8+ Kf5 48. g4+ Kg5 49. Rd8 Qc1+ 50. Kg2 Nf4+ 51. Kh2 Qb2 0-1

[Event "BL 0910 OSC Baden Baden - SC Remagen"]
[Site "?"]
[Date "2009.10.18"]
[Round "2.6"]
[White "Gustafsson, Jan"]
[Black "Popovic, Petar"]
[Result "1/2-1/2"]
[WhiteElo "2622"]
[BlackElo "2496"]
[PlyCount "41"]
[EventDate "2009.??.??"]

1. Nf3 Nf6 2. c4 g6 3. Nc3 d5 4. cxd5 Nxd5 5. Qa4+ Bd7 6. Qb3 Nb6 7. d4 Bg7 8.
Bf4 Be6 9. Qa3 c6 10. e3 O-O 11. Be2 a5 12. O-O Nc4 13. Bxc4 Bxc4 14. Rfd1 Re8
15. Qa4 b5 16. Qc2 Na6 17. Ne5 Nb4 18. Qd2 c5 19. dxc5 Qxd2 20. Rxd2 Rac8 21.
Nxc4 1/2-1/2

[Event "BL 0910 OSC Baden Baden - SC Remagen"]
[Site "?"]
[Date "2009.10.18"]
[Round "2.7"]
[White "Kipper, Jens"]
[Black "Dautov, Rustem"]
[Result "1/2-1/2"]
[WhiteElo "2393"]
[BlackElo "2596"]
[PlyCount "36"]
[EventDate "2009.??.??"]

1. Nf3 d5 2. d4 Nf6 3. c4 c6 4. Nc3 a6 5. e3 b5 6. c5 g6 7. Ne5 Bg7 8. f4 Be6
9. Be2 O-O 10. O-O Nfd7 11. Bf3 f6 12. Nd3 a5 13. g4 f5 14. g5 Na6 15. a3 Nc7
16. Bd2 Bf7 17. h4 h5 18. Ne2 Ne6 1/2-1/2

[Event "BL 0910 OSC Baden Baden - SC Remagen"]
[Site "?"]
[Date "2009.10.18"]
[Round "2.8"]
[White "Schlosser, Philipp"]
[Black "Schulz, Klaus-Juergen"]
[Result "0-1"]
[WhiteElo "2555"]
[BlackElo "2385"]
[PlyCount "84"]
[EventDate "2009.??.??"]

1. d4 d5 2. c4 e6 3. Nf3 Nf6 4. g3 dxc4 5. Bg2 a6 6. O-O Nc6 7. Nc3 Rb8 8. e4
Be7 9. Qe2 b5 10. Rd1 Nb4 11. Ne1 O-O 12. a3 Nc6 13. d5 exd5 14. e5 Bg4 15. Bf3
Bxf3 16. Nxf3 d4 17. exf6 Bxf6 18. Qe4 Na5 19. Nd5 Nb3 20. Rb1 Re8 21. Qf5 Be5
22. Nb4 g6 23. Qc2 Bf6 24. Bf4 a5 25. Nc6 d3 26. Qxb3 Qd5 27. Rxd3 Qxc6 28. Qc2
Qb7 29. Rd2 Qxf3 30. Bxc7 Rb7 31. Bxa5 Rbe7 32. Qd1 Re2 33. Rxe2 Rxe2 34. Bb6
h5 35. Bd4 Bxd4 36. Qxd4 h4 37. gxh4 Re4 38. Qd8+ Kh7 39. Rd1 Qg4+ 40. Kh1 Qf3+
41. Kg1 Rg4+ 42. Kf1 Rg2 0-1

[Event "BL 0910 H.-Handschuhsheim - Solinger SG"]
[Site "?"]
[Date "2009.10.18"]
[Round "2.1"]
[White "Smeets, Jan"]
[Black "Ikonnikov, Viacheslav"]
[Result "1/2-1/2"]
[WhiteElo "2642"]
[BlackElo "2558"]
[PlyCount "41"]
[EventDate "2009.??.??"]

1. e4 c5 2. Nf3 Nc6 3. d4 cxd4 4. Nxd4 e5 5. Nb5 d6 6. N1c3 a6 7. Na3 Be7 8.
Be3 Nf6 9. Nc4 b5 10. Nb6 Rb8 11. Nxc8 Qxc8 12. Bd3 O-O 13. O-O Bd8 14. a4 b4
15. Nd5 Nxd5 16. exd5 Ne7 17. a5 Nxd5 18. Bxh7+ Kxh7 19. Qxd5 Bc7 20. c4 bxc3
21. bxc3 1/2-1/2

[Event "BL 0910 H.-Handschuhsheim - Solinger SG"]
[Site "?"]
[Date "2009.10.18"]
[Round "2.3"]
[White "Buhmann, Rainer"]
[Black "Gurevic, Vladimir"]
[Result "1/2-1/2"]
[WhiteElo "2603"]
[BlackElo "2470"]
[PlyCount "58"]
[EventDate "2009.??.??"]

1. Nf3 c5 2. c4 Nf6 3. Nc3 e6 4. g3 b6 5. Bg2 Bb7 6. O-O Be7 7. Re1 Ne4 8. d4
Nxc3 9. bxc3 Be4 10. d5 O-O 11. Bf4 exd5 12. cxd5 d6 13. Qb3 Nd7 14. Bh3 Nf6
15. c4 Nh5 16. Bd2 Re8 17. a4 Rb8 18. Qb5 Bf6 19. Ra3 g6 20. Qd7 Qxd7 21. Bxd7
Re7 22. Bh3 Bb2 23. Rb3 Bg7 24. Bg5 Bf6 25. Bh6 Bg7 26. Bg5 Bf6 27. Bd2 Bg7 28.
Kf1 Bc2 29. Ra3 Re4 1/2-1/2

[Event "BL 0910 H.-Handschuhsheim - Solinger SG"]
[Site "?"]
[Date "2009.10.18"]
[Round "2.4"]
[White "Chernov, Vadim"]
[Black "Werle, Jan"]
[Result "0-1"]
[WhiteElo "2433"]
[BlackElo "2563"]
[PlyCount "94"]
[EventDate "2009.??.??"]

1. e4 e5 2. Nf3 Nc6 3. Bb5 a6 4. Bxc6 dxc6 5. O-O Bg4 6. h3 Bh5 7. g4 Bg6 8.
Nxe5 Qh4 9. Qf3 f6 10. Nxg6 hxg6 11. d4 O-O-O 12. Be3 g5 13. Nc3 Ne7 14. Kg2
Ng6 15. Rh1 Qh6 16. Kf1 Bd6 17. Qf5+ Kb8 18. Qa5 Nh4 19. Ke2 Rhe8 20. Rad1 Bf4
21. Bxf4 gxf4 22. f3 Ng2 23. Rd2 Ne3 24. b3 f5 25. h4 fxg4 26. Qg5 gxf3+ 27.
Kxf3 Qd6 28. Nd1 Qe6 29. Nf2 Rd7 30. h5 Rf7 31. c4 Nf5 32. Qg4 Qd6 33. Qg6 Qe7
34. e5 Rd8 35. d5 Rff8 36. e6 Qc5 37. Ng4 cxd5 38. Qg5 d4 39. Re1 d3 40. Re5
Qc6+ 41. Kf2 Qb6+ 42. Kg2 Qb4 43. Rd1 Ne7 44. Rc5 Rf6 45. Re5 Qc3 46. Qxg7 Qc2+
47. Kh3 Qxd1 0-1